| 000 | 00487nam a22001697a 4500 | ||
|---|---|---|---|
| 005 | 20240709125104.0 | ||
| 008 | 240709b |||||||| |||| 00| 0 eng d | ||
| 020 | _a1565230558 | ||
| 050 |
_aTT 192 .R63 1993 _bC.1 |
||
| 100 | _aROBERTS, JUDY GALE | ||
| 245 |
_aEASY TO MAKE INLAY WOOD PROJECTS-INTARSIA _b A COMPLETE MANUAL |
||
| 260 |
_aLANCASTER _bFOX CHAPEL PUBLISHING _c1993 |
||
| 300 | _aXV, 147P.: ILL | ||
| 650 | _aWOOD PROJECT | ||
| 700 | _aBOOHER, JERRY | ||
| 942 |
_2lcc _cBK |
||
| 999 |
_c210508 _d210508 |
||